[Event "Sabadell op 6th"]
[Site "Sabadell"]
[Date "2013.09.09"]
[Round "8"]
[White "Grau Pacheco, Marc"]
[Black "Tardio Fran, Emilio"]
[Result "1-0"]
[WhiteElo "2006"]
[BlackElo "1853"]
[PlyCount "63"]
[EventDate "2013.09.02"]
[EventType "swiss"]
[EventRounds "9"]
[EventCountry "ESP"]
[SourceTitle "CBM 156 Extra"]
[Source "ChessBase"]
[SourceDate "2013.10.22"]
[SourceVersion "1"]
[SourceVersionDate "2013.10.22"]
[SourceQuality "1"]

1. e4 c5 2. d4 cxd4 3. c3 d3 4. Bxd3 d6 5. c4 Nc6 6. Nc3 g6 7. Nge2 Bg7 8. 0-0 Nf6 9. Bg5 0-0 10. Qd2 Re8 11. Rad1 Ne5 12. Kh1 Bd7 13. f4 Nxd3 14. Qxd3 Bc6 15. Nd5 Nd7 16. Nec3 Nc5 17. Qf3 Nd7 18. b4 Bxd5 19. Nxd5 Rc8 20. Qe2 f6 21. Bh4 e6 22. Nc3 g5 23. Bg3 gxf4 24. Bxf4 Ne5 25. Bxe5 fxe5 26. Nb5 Bf8 27. Qh5 d5 28. exd5 exd5 29. Rxd5 Qb6 30. Nd6 Qc6 31. Rf7 Bh6 32. Qxh6 1-0

[Event "Sabadell op 6th"]
[Site "Sabadell"]
[Date "2013.09.07"]
[Round "6"]
[White "Grau Pacheco, Marc"]
[Black "Valencia Jimenez, Jose"]
[Result "0-1"]
[WhiteElo "2006"]
[BlackElo "2126"]
[PlyCount "76"]
[EventDate "2013.09.02"]
[EventType "swiss"]
[EventRounds "9"]
[EventCountry "ESP"]
[SourceTitle "CBM 156 Extra"]
[Source "ChessBase"]
[SourceDate "2013.10.22"]
[SourceVersion "1"]
[SourceVersionDate "2013.10.22"]
[SourceQuality "1"]

1. e4 c5 2. d4 cxd4 3. c3 g6 4. cxd4 d5 5. e5 Bg7 6. Nc3 Nc6 7. Nf3 Bg4 8. Be2 Nh6 9. Be3 0-0 10. Qb3 Nf5 11. Rd1 Qb6 12. Qxb6 axb6 13. h3 Bxf3 14. Bxf3 e6 15. g4 Nxe3 16. fxe3 f6 17. exf6 Bxf6 18. Ke2 g5 19. Rhf1 Kg7 20. Kd2 b5 21. a3 Na5 22. Be2 Nc4+ 23. Bxc4 bxc4 24. Ra1 Ra5 25. Ne2 b5 26. Ng3 Be7 27. Rxf8 Bxf8 28. Rf1 Be7 29. Kc2 Ra8 30. Nh5+ Kg6 31. Ng3 Rb8 32. Ra1 Bd6 33. Rg1 Bxg3 34. Rxg3 Rf8 35. Kc3 Rf2 36. b3 Kf6 37. e4 dxe4 38. Re3 Rf3 0-1